| 000 | 01010cam a2200325 a 4500 | ||
|---|---|---|---|
| 001 | 6165 | ||
| 003 | BD-RjUL | ||
| 005 | 20211208234210.0 | ||
| 008 | 140109s1985 cou b 000 0 eng | ||
| 020 | _a0813301696 (hard) : | ||
| 020 | _a081330170X (pbk.) : | ||
| 035 | _a(BD-RjUL)6204 | ||
| 040 |
_aDLC _cDLC _dDLC _dBD-RjUL _beng |
||
| 041 | _aeng | ||
| 082 | 0 | 0 |
_a355.0217 _219 _bNUC 1985 |
| 245 | 0 | 0 |
_aNuclear strategy, arms control, and the future / _cedited by P. Edward Haley, David M. Keithly, and Jack Merritt. |
| 260 |
_aBoulder : _bWestview Press, _cc1985. |
||
| 300 |
_axxii, 372 p. ; _c23 cm. |
||
| 504 | _aIncludes bibliographies. | ||
| 650 | 0 |
_aNuclear warfare. _917169 |
|
| 650 | 0 |
_aNuclear arms control. _916846 |
|
| 650 | 0 |
_aNuclear disarmament. _914076 |
|
| 650 | 0 |
_aMilitary policy. _918207 |
|
| 700 | 1 |
_aHaley, P. Edward. _918375 |
|
| 700 | 1 |
_aKeithly, David M. _919400 |
|
| 700 | 1 |
_aMerritt, Jack. _918376 |
|
| 942 |
_2ddc _cBK |
||
| 999 |
_c6165 _d6165 |
||